000 00250nam a2200109Ia 4500
008 231212s1986 xx 000 0 und d
041 _aeng
082 _a621.381
100 _aSchaums
245 _aMicroprocesser
260 _aNew Delhi
_bTata Mc
_c1986
999 _c959318
_d959318